Alle Attraktionen des Phantasialands jemals - Statistiken

Allgemein
  • Dieses Quiz wurde 21 mal gespielt
    15 seit der letzten Aktualisierung
  • Das Durchschnittsergebnis liegt bei 24 aus 99
Antwortstatistiken
Jahre Typ Themenbereich Name % Korrekt
1998- Freifallturm Mystery Mystery Castle
90%
2016- Launch Coaster Mystery Taron
90%
2014- Wildwasserbahn Mexico Chiapas
80%
2020- Flying Launch Coaster Berlin F.L.Y.
80%
2016- Family-Boomerang Mystery Raik
80%
2007- Top Spin Mexico Talocan
80%
2006- Inverted Coaster Deep in Africa Black Mamba
70%
1996- Mine-Train Mexico Colorado Adventure
70%
1994-2016 Simulator Fantasy Galaxy / Race for Atlantis
70%
1981- Themenfahrt China Town Geister Rikscha
70%
1988- Dunkelachterbahn Fantasy Space Center / Temple of the Night Hawk / Crazy Bats
70%
1975-2001 Achterbahn Mexico Bobbahn 1 / Gebirgsbahn
60%
2002- Mad House China Town Feng Ju Palace
60%
1990-2020 Wasserthemenfahrt Fantasy Hollywood Tour
60%
1974-2008 Einschienenbahn Mexico Phantasialand-Jet
60%
2002- Rapid River Mystery River Quest
60%
1984-2014 Themenfahrt Silver City / Mexico Silbermine
60%
1974-2011 Wildwasserbahn Mexico Wildwasserbahn 2 / Wildwash Creek
60%
2002- Spinning Coaster Fantasy Winja's Fear
60%
2002- Spinning Coaster Fantasy Winja's Force
60%
1998- Pferdekarussell Alt Berlin / Berlin Alt Berliner Dampfkarussell / Pferdekarussell
50%
1986-2006 Condor Mexico Condor / Kodak Tower
50%
2012- Fun House Berlin Das verrückte Hotel Tartüff
50%
2011- Interaktive Themenfahrt Berlin Maus-au-Chocolat
50%
2011- Family-Freifallturm Mexico Tikal
50%
1974-2011 Wildwasserbahn Mexico Wildwasserbahn 1 / Stonewash Creek
50%
2010- Flugkarussell Berlin Bolles Flugschule
40%
2010- Riesenrad Berlin Bolles Riesenrad
40%
1970-2009 Themenfahrt Alt Berlin / Berlin Gondelbahn 1001 Nacht
40%
1967-2007 Märchenpark Fantasy Märchenwald
40%
2002- Para-Tower Fantasy Tittle Tattle Tree
40%
2009- Bootsfahrt Fantasy Wakobato
40%
2011- Kettenkarussell Berlin Wellenflug
40%
2010- Einschienenbahn Fantasy Würmling Express
40%
1978-2001 Powered Coaster Mexico Bobbahn 2 / Grand-Canyon-Bahn
30%
2022- Walkthrough Deep in Africa Deep in Africa Adventure Trail
30%
2010- Crazy Bus Fantasy Der lustige Papagei
30%
2010- Jump Around Fantasy Die fröhliche Bienchenjagd
30%
1993-2009 Bootsfahrt Alt Berlin / Berlin Walzertraum
30%
2010- Magic Bikes Fantasy Wolke's Luftpost
30%
2003- Tretboote Fantasy Wözl's Wassertreter
30%
2024- Spielplatz Fantasy Avoras
20%
1993-2009 Ballonfahrt / (heute: Fantasy), Alt Berlin / Berlin Ballonfahrt
20%
1995-2004 Breakdancer Mexico Crazy Loop
20%
1967-1986 Autofahrt / (heute: Fantasy) Oldtimerbahn
20%
1989-2004 Animatronic China Town Yeti
20%
1978-2009 Karussell / (heute: Mexico, Fantasy), Alt Berlin / Berlin Biene Maja / Bienchenflug
10%
1971-1992 Boote Alt Berlin Bottich-Fahrt
10%
2024- Spielplatz Deep in Africa Mopti's Monkey Depot
10%
2003-2023 Wasserspielplatz Fantasy Octowuzy
10%
2007- Hochziehturm Fantasy Wirtl's Taubenturm
10%
2005-2010 Spielautomaten Fantasy Atlantis Spiele
0%
2010-2022 Labyrinth Fantasy Baumberger Irrgarten
0%
2004-2009 Rodeo Mexico Bullenreiten
0%
2003- Autoscooter Fantasy Bumper Klumpen
0%
1978-1995 180°-Kino / (heute: Mexico, Deep in Africa) Cine 2000
0%
2006-2020 Trommeln Deep in Africa Djembe Musikschule
0%
1978-2000 Flugkarussell / (heute: Mexico, Fantasy) Dumbo / Jumbo
0%
2002-2010 Eisstockschießen Fantasy (im Winter) Eisstockschießen
0%
2002-2016 Karussell Mexico (im Winter) Fort Snowcat
0%
1982-1985 360°-Kino / (heute: Mexico) Galaxis 360
0%
2002-2007 Schießbude Mystery Geisterschießen
0%
?-2007 Spielbude China Town Hook a bag
0%
2002- Eislaufen Mexico, Fantasy, Berlin (im Winter) Ice Skating / Berliner Eislaufen
0%
2001-2004 Fernlenkboote Mexico Käpt'n Blackbeard's Piratenflotte
0%
1968-1986 Autoscooter / (heute: Fantasy) Kinderautobahn / Autoscooter
0%
1992-2010 Spielplatz Alt Berlin / Berlin Kinderparadies / Ronnies Spieleland / Bolles Spieleland
0%
1993-2009 Riesenrad / (heute: Fantasy), Alt Berlin / Berlin Kinder-Riesenrad
0%
2009-2012 Klettergarten Fantasy Klettergarten
0%
1980-1986 Galerie Alt Berlin Künstlerpavillon
0%
1974-2012 Spielbude Mexico Mexico Spiele
0%
1984-1989 Minigolf Berlin Minigolfplatz
0%
1972-1973 Spielplatz / (heute: Mexico) Moonwalk
0%
1987-1997 Pferdekarussell Alt Berlin Nostalgie-Karussell
0%
? Wurfbude China Town Pandarennen
0%
1970-1975 Straßenbahn Alt Berlin Pferdestraßenbahn
0%
2010-2021 Wasserspielplatz Fantasy Phenie's Mitsch-Matsch-Spaß
0%
1975-1983 Polyp / (heute: Mexico) Polyp
0%
1967-1975 Reitbahn / (heute: Fantasy), Silver City Ponyreitbahn
0%
2003-2016 Edutainment Fantasy Professor Wuzipuh's Clever-Bollen
0%
2002-2010 Rodelbahn Mystery (im Winter) Rodelbahn
0%
1967 Ruderboote / (heute: Fantasy) Ruderboote
0%
1967-1986 Rundfahrt / (heute: Fantasy) Santa-Fe-Western Express
0%
1972-2008 Walkthrough Fantasy Schloss Schreckenstein
0%
1968-1998 Bootsfahrt / (heute: Fantasy) Seeräuberfahrt nach Carthagena / Wikingerbootsfahrt
0%
1984-1985 Polyp / (heute: Mexico) Spider
0%
1974-2012 Street Basketball Silver City / Mexico Street Basketball
0%
1967 Tretboote / (heute: Fantasy) Tretboote
0%
1977 Pedalfahrt Silver City Tretrikschafahrt
0%
2003- Spielplatz Fantasy Wabi's Krabbel-Insel
0%
1999 Wasserspielplatz Mexico Wasserbombenspielplatz
0%
1974-2012 Elektronisches Pferderennen Silver City / Mexico Western Derby
0%
1974-2011 Spielautomaten Silver City / Mexico Western Gambling
0%
1974-2012 Schießbude Mexico Winchester Shooting
0%
2003- Spielplatz Fantasy Wirtl's Erlebnishöhle
0%
2003-2013 Spielplatz Fantasy Wosi's Abenteuerpark
0%
2003- Tassenkarussell Fantasy Wözl's Duck Washer
0%
2003- Kinder-Freifallturm Fantasy Wupi's Wabi Wipper
0%
2002-2015 Bungee-Trampolin Fantasy, Mexico Wuzi's Going Up / Wamazonen Flug-Center / Silverado Jump / Silverado Up 'n' Down
0%
Keine übereinstimmenden Quizze gefunden
Verteilung der Resultate
Anzahl Personen mit jedem Resultat
Perzentil nach korrekt beantworteten Fragen
Ihre Resultats-Entwicklung
Sie haben dieses Quiz seit der letzten Aktualisierung nicht gespielt